[Event "Chioggia op-A 07th"]
[Site "Chioggia"]
[Date "2012.10.14"]
[Round "5"]
[White "Bacchini, Stefano"]
[Black "Pomaro, Alberto"]
[Result "0-1"]
[WhiteElo "1958"]
[BlackElo "2407"]
[PlyCount "86"]
[EventDate "2012.10.12"]
[EventType "swiss"]
[EventRounds "5"]
[EventCountry "ITA"]
[SourceTitle "EXT 2014"]
[Source "ChessBase"]
[SourceDate "2013.11.20"]
[SourceVersion "1"]
[SourceVersionDate "2013.11.20"]
[SourceQuality "1"]

1. f4 d5 2. Nf3 g6 3. e3 Bg7 4. Be2 Nf6 5. d3 0-0 6. 0-0 b6 7. Ne5 Nbd7 8. Nd2 Bb7 9. Qe1 Nxe5 10. fxe5 Nd7 11. d4 f6 12. exf6 exf6 13. Rf3 f5 14. Rh3 Qe7 15. c3 Rae8 16. Nf1 c5 17. Qd1 Nf6 18. a4 Qe6 19. a5 g5 20. Rf3 g4 21. Rf4 Bh6 22. Bb5 Bxf4 23. exf4 Bc6 24. Bd3 cxd4 25. cxd4 Qd7 26. Ne3 Ne4 27. axb6 axb6 28. Qb3 Qb7 29. Ra6 b5 30. Ra5 Qb6 31. Qb4 h5 32. g3 Qc7 33. Bxe4 Rxe4 34. Qc5 Qxa5 35. Qxc6 Qa7 36. Qxd5+ Qf7 37. Qd6 Rfe8 38. Kf2 Kg7 39. d5 Qa7 40. Qa3 Qb6 41. b4 Kg6 42. Qd3 Qd4 43. Qxb5 Rxe3 0-1

[Event "Palmi op 5th"]
[Site "Palmi"]
[Date "2012.01.05"]
[Round "7"]
[White "Pomaro, Alberto"]
[Black "Kukov, Velislav"]
[Result "1/2-1/2"]
[WhiteElo "2369"]
[BlackElo "2414"]
[PlyCount "26"]
[EventDate "2012.01.02"]
[EventType "swiss"]
[EventRounds "9"]
[EventCountry "ITA"]
[SourceTitle "CBM 146 Extra"]
[Source "ChessBase"]
[SourceDate "2012.02.29"]
[SourceVersion "1"]
[SourceVersionDate "2012.02.29"]
[SourceQuality "1"]

1. e4 Nf6 2. e5 Nd5 3. d4 d6 4. exd6 exd6 5. c4 Nb6 6. Nc3 Be7 7. Nf3 Bf5 8. Be3 0-0 9. b3 Bf6 10. Be2 Nc6 11. 0-0 d5 12. c5 Nc8 13. Qd2 Bg4 1/2-1/2

[Event "Palmi op 5th"]
[Site "Palmi"]
[Date "2012.01.04"]
[Round "6"]
[White "Pomaro, Alberto"]
[Black "Caprio, Guido"]
[Result "1-0"]
[WhiteElo "2369"]
[BlackElo "2353"]
[PlyCount "143"]
[EventDate "2012.01.02"]
[EventType "swiss"]
[EventRounds "9"]
[EventCountry "ITA"]
[SourceTitle "CBM 146 Extra"]
[Source "ChessBase"]
[SourceDate "2012.02.29"]
[SourceVersion "1"]
[SourceVersionDate "2012.02.29"]
[SourceQuality "1"]

1. d4 Nf6 2. c4 e6 3. Nc3 Bb4 4. e3 c5 5. Bd3 Nc6 6. Nf3 Bxc3+ 7. bxc3 d6 8. 0-0 e5 9. d5 Ne7 10. Qc2 Bd7 11. e4 h6 12. Nh4 g5 13. Nf3 Ng6 14. Ne1 Nf4 15. g3 Nh3+ 16. Kh1 Qe7 17. Rb1 b6 18. Ng2 0-0-0 19. a4 Kc7 20. a5 Rb8 21. axb6+ axb6 22. Ne3 h5 23. f3 h4 24. g4 Nf4 25. Rb2 Ra8 26. Bd2 Ra6 27. Rc1 Rha8 28. Bf1 Ra5 29. Rcb1 R8a6 30. Qc1 Qe8 31. Kg1 Qc8 32. Qd1 Qa8 33. Kf2 Qa7 34. Kg1 Kb7 35. Kf2 Ra2 36. Qc1 Rxb2 37. Rxb2 Ra1 38. Rb1 Ra2 39. Be2 Nxe2 40. Kxe2 Ng8 41. Rb2 f6 42. Nf5 Bxf5 43. gxf5 Qa4 44. Kd3 Ra1 45. Rb1 Rxb1 46. Qxb1 Ka6 47. Qb2 Nh6 48. Bc1 h3 49. Bd2 Nf7 50. Qc1 b5 51. cxb5+ Qxb5+ 52. c4 Qb3+ 53. Ke2 Nd8 54. Kf2 Nb7 55. Kg3 Kb6 56. Qf1 Qc2 57. Qe2 Ka6 58. Kf2 Na5 59. Bxg5 Qc3 60. Bxf6 Nxc4 61. Bg5 Kb7 62. f6 Qd4+ 63. Be3 Nxe3 64. Qxe3 Qb2+ 65. Qe2 Qd4+ 66. Kg3 Qg1+ 67. Kxh3 Kc7 68. Qb5 Qg6 69. Qc6+ Kb8 70. Qxd6+ Ka7 71. Qxc5+ Ka8 72. Qf8+ 1-0

[Event "Palmi op 5th"]
[Site "Palmi"]
[Date "2012.01.03"]
[Round "3"]
[White "Collutiis, Duilio"]
[Black "Pomaro, Alberto"]
[Result "1-0"]
[WhiteElo "2477"]
[BlackElo "2369"]
[PlyCount "79"]
[EventDate "2012.01.02"]
[EventType "swiss"]
[EventRounds "9"]
[EventCountry "ITA"]
[SourceTitle "CBM 146 Extra"]
[Source "ChessBase"]
[SourceDate "2012.02.29"]
[SourceVersion "1"]
[SourceVersionDate "2012.02.29"]
[SourceQuality "1"]

1. g3 g6 2. Bg2 Bg7 3. c4 Nf6 4. Nc3 0-0 5. e4 d6 6. Nge2 c5 7. 0-0 Nc6 8. d3 Bd7 9. h3 e6 10. Be3 Ne8 11. d4 cxd4 12. Nxd4 Nxd4 13. Bxd4 Rc8 14. Bxg7 Kxg7 15. Qd4+ Qf6 16. Qxa7 Rxc4 17. Qxb7 Bc8 18. Qb6 Rc7 19. a4 Rb7 20. Qc6 Rc7 21. Qb5 Qd4 22. Rfd1 Qa7 23. Qb4 Rb7 24. Nb5 Qb8 25. Qa3 Bd7 26. Nxd6 Rxb2 27. Nb5 Rxb5 28. axb5 Qxb5 29. Bf1 Qc6 30. Rac1 Qb7 31. Qa6 Qxa6 32. Bxa6 Nf6 33. Rc7 Ba4 34. Ra1 Be8 35. f3 g5 36. Ra5 h6 37. Bc4 Nd7 38. Kf2 e5 39. Raa7 Nb8 40. Ra8 1-0

[Event "Trieste op 12th"]
[Site "Trieste"]
[Date "2010.09.10"]
[Round "8"]
[White "Kuzubov, Yuriy"]
[Black "Pomaro, Alberto"]
[Result "1-0"]
[WhiteElo "2628"]
[BlackElo "2362"]
[PlyCount "67"]
[EventDate "2010.09.04"]
[EventType "swiss"]
[EventRounds "9"]
[EventCountry "ITA"]
[SourceTitle "CBM 138 Extra"]
[Source "ChessBase"]
[SourceDate "2010.10.29"]
[SourceVersion "1"]
[SourceVersionDate "2010.10.29"]
[SourceQuality "1"]

1. Nf3 d5 2. g3 c6 3. Bg2 Bg4 4. 0-0 Nd7 5. d4 e6 6. Nbd2 Ngf6 7. Re1 Be7 8. e4 dxe4 9. Nxe4 Nxe4 10. Rxe4 Bf5 11. Re1 0-0 12. c3 Bd6 13. Nh4 Bg6 14. Nxg6 hxg6 15. h4 Qa5 16. Bg5 Nf6 17. Qb3 Rab8 18. Rad1 Rfe8 19. c4 Qf5 20. Rd3 e5 21. c5 exd4 22. Rxe8+ Rxe8 23. Bxf6 Re1+ 24. Kh2 Qxf2 25. Bxd4 Bxg3+ 26. Kh3 Qf4 27. Rxg3 Qxd4 28. Qxb7 Qxc5 29. Qxc6 Qf5+ 30. Kh2 Re2 31. Qa8+ Kh7 32. Qf3 Qe5 33. Qxf7 Qe4 34. Qf3 1-0

[Event "Trieste op 12th"]
[Site "Trieste"]
[Date "2010.09.09"]
[Round "7"]
[White "Pomaro, Alberto"]
[Black "Cherin, Diego"]
[Result "1-0"]
[WhiteElo "2362"]
[BlackElo "2285"]
[PlyCount "131"]
[EventDate "2010.09.04"]
[EventType "swiss"]
[EventRounds "9"]
[EventCountry "ITA"]
[SourceTitle "CBM 138 Extra"]
[Source "ChessBase"]
[SourceDate "2010.10.29"]
[SourceVersion "1"]
[SourceVersionDate "2010.10.29"]
[SourceQuality "1"]

1. e4 c5 2. Nf3 e6 3. Nc3 a6 4. d4 cxd4 5. Nxd4 Nc6 6. Be3 Nf6 7. a3 d5 8. exd5 Nxd5 9. Nxd5 exd5 10. g3 Be7 11. Bg2 0-0 12. 0-0 Bf6 13. c3 Be6 14. f4 Qd7 15. Re1 Rad8 16. Nxe6 fxe6 17. Bb6 Rc8 18. Rxe6 Ne7 19. Re2 Qb5 20. Bf2 Rfd8 21. a4 Qc4 22. Rd2 Kh8 23. Bd4 Bxd4+ 24. Rxd4 Qc5 25. Kh1 Rd6 26. Qf3 Rb6 27. Qe2 h6 28. Re1 Rc7 29. Bxd5 Rd6 30. Red1 Rxd5 31. Rxd5 Nxd5 32. Qe8+ Kh7 33. Qe4+ g6 34. Rxd5 Qf2 35. Rd1 Qxb2 36. Rd6 Qa1+ 37. Kg2 Qa2+ 38. Kh3 Qf7 39. Qe5 Re7 40. Qf6 Qxf6 41. Rxf6 Rc7 42. Rb6 Kg7 43. Kg4 Kf7 44. a5 Kg7 45. Kh4 Rf7 46. h3 Kh7 47. c4 Rc7 48. c5 Rxc5 49. Rxb7+ Kg8 50. Rb6 g5+ 51. Kg4 gxf4 52. Kxf4 Rxa5 53. Rxh6 Kg7 54. Rb6 Ra4+ 55. Kg5 Ra5+ 56. Kh4 Ra4+ 57. g4 Ra3 58. g5 a5 59. Ra6 a4 60. Kg4 Ra1 61. Kh5 a3 62. Ra7+ Kf8 63. g6 a2 64. h4 Ke8 65. Kh6 Rh1 66. g7 1-0

[Event "Trieste op 12th"]
[Site "Trieste"]
[Date "2010.09.08"]
[Round "6"]
[White "Srebrnic, Vojko"]
[Black "Pomaro, Alberto"]
[Result "0-1"]
[WhiteElo "2201"]
[BlackElo "2362"]
[PlyCount "118"]
[EventDate "2010.09.04"]
[EventType "swiss"]
[EventRounds "9"]
[EventCountry "ITA"]
[SourceTitle "CBM 138 Extra"]
[Source "ChessBase"]
[SourceDate "2010.10.29"]
[SourceVersion "1"]
[SourceVersionDate "2010.10.29"]
[SourceQuality "1"]

1. Nf3 d5 2. c4 e6 3. d4 c6 4. Qc2 dxc4 5. Qxc4 Nf6 6. Nc3 b5 7. Qd3 b4 8. Ne4 Nbd7 9. Nxf6+ Nxf6 10. e4 Be7 11. Be2 0-0 12. 0-0 Bb7 13. e5 Nd5 14. Be3 a5 15. Rac1 a4 16. Qc2 Ra5 17. Bd3 h6 18. Qe2 Nxe3 19. Qxe3 Qd5 20. Qe4 Qxe4 21. Bxe4 Ba6 22. Rfe1 c5 23. d5 exd5 24. Bxd5 Rd8 25. Bc4 Bxc4 26. Rxc4 Ra6 27. Kf1 Re6 28. Rce4 f5 29. Rc4 Rd5 30. b3 axb3 31. axb3 Rd3 32. Rb1 Ra6 33. Ke2 Rd5 34. Rd1 Ra2+ 35. Rd2 Raxd2+ 36. Nxd2 Rxe5+ 37. Kd1 Kf7 38. Rc2 Re6 39. Ra2 Bf6 40. Nc4 Bc3 41. Re2 Ra6 42. Kc2 f4 43. f3 Kf6 44. Kd3 Kf5 45. Re8 g5 46. g4+ fxg3 47. hxg3 h5 48. Ne3+ Kg6 49. Rg8+ Bg7 50. Rc8 Rd6+ 51. Ke2 Bd4 52. Nc4 Re6+ 53. Kf1 h4 54. Kg2 Re1 55. Rc6+ Kf5 56. Nd6+ Ke6 57. Nb5+ Ke5 58. Nc7 Rg1+ 59. Kh2 Rxg3 0-1

[Event "Trieste op 12th"]
[Site "Trieste"]
[Date "2010.09.05"]
[Round "3"]
[White "Pomaro, Alberto"]
[Black "Fehr, Axel"]
[Result "1-0"]
[WhiteElo "2362"]
[BlackElo "2147"]
[PlyCount "69"]
[EventDate "2010.09.04"]
[EventType "swiss"]
[EventRounds "9"]
[EventCountry "ITA"]
[SourceTitle "CBM 138 Extra"]
[Source "ChessBase"]
[SourceDate "2010.10.29"]
[SourceVersion "1"]
[SourceVersionDate "2010.10.29"]
[SourceQuality "1"]

1. e4 g6 2. d4 Bg7 3. Nc3 d6 4. f4 Nf6 5. Nf3 0-0 6. Bd3 Na6 7. 0-0 c5 8. d5 Bg4 9. Bc4 Nc7 10. h3 Bxf3 11. Qxf3 e6 12. dxe6 fxe6 13. Rd1 Qe7 14. Be3 Nd7 15. Qf2 Rad8 16. a4 Kh8 17. a5 Ne5 18. Be2 Nc6 19. Bd3 Bd4 20. Ne2 Bxb2 21. Rab1 Qg7 22. c3 Bxc3 23. Nxc3 Qxc3 24. Rxb7 Rf7 25. a6 Rdf8 26. Be2 Ne8 27. Bb5 Ne7 28. Bxe8 Rxe8 29. Rxd6 Nc8 30. Rdd7 Rxd7 31. Rxd7 Nb6 32. Rxa7 Rc8 33. Kh2 Qd3 34. Bxc5 e5 35. fxe5 1-0

[Event "Donau op 18th"]
[Site "Aschach"]
[Date "2009.12.29"]
[Round "5"]
[White "Shengelia, Davit"]
[Black "Pomaro, Alberto"]
[Result "1-0"]
[WhiteElo "2560"]
[BlackElo "2367"]
[PlyCount "67"]
[EventDate "2009.12.26"]
[EventType "swiss"]
[EventRounds "7"]
[EventCountry "AUT"]
[SourceTitle "CBM 134 Extra"]
[Source "ChessBase"]
[SourceDate "2010.03.03"]
[SourceVersion "1"]
[SourceVersionDate "2010.03.03"]
[SourceQuality "1"]

1. d4 d5 2. Nf3 c6 3. e3 Nf6 4. Bd3 e6 5. 0-0 Bd6 6. c4 dxc4 7. Bxc4 b5 8. Bd3 Nbd7 9. a4 b4 10. e4 e5 11. Nbd2 0-0 12. Nc4 Qe7 13. Bg5 Rd8 14. Qc2 c5 15. Na5 Rf8 16. Nc6 Qe8 17. dxe5 Bxe5 18. Kh1 h6 19. Ncxe5 Nxe5 20. Bxf6 gxf6 21. Nxe5 Qxe5 22. f4 Qd4 23. Rad1 b3 24. Qe2 f5 25. e5 Qxa4 26. Qh5 Qc6 27. Bc4 Bb7 28. Bd5 Qxd5 29. Rxd5 Bxd5 30. Qxh6 Rfe8 31. Qg5+ Kf8 32. Qxf5 Re6 33. Kg1 Rg6 34. g3 1-0

[Event "Donau op 18th"]
[Site "Aschach"]
[Date "2009.12.27"]
[Round "2"]
[White "Wisnet, Dominic"]
[Black "Pomaro, Alberto"]
[Result "1/2-1/2"]
[WhiteElo "2126"]
[BlackElo "2367"]
[PlyCount "52"]
[EventDate "2009.12.26"]
[EventType "swiss"]
[EventRounds "7"]
[EventCountry "AUT"]
[SourceTitle "CBM 134 Extra"]
[Source "ChessBase"]
[SourceDate "2010.03.03"]
[SourceVersion "1"]
[SourceVersionDate "2010.03.03"]
[SourceQuality "1"]

1. e4 c5 2. Nf3 d6 3. d4 cxd4 4. Nxd4 Nf6 5. Nc3 a6 6. Be2 e5 7. Nf3 Be7 8. 0-0 h6 9. a4 Nbd7 10. Be3 b6 11. Nd2 Bb7 12. Nc4 Qc7 13. f3 0-0 14. Bf2 Rfd8 15. Ne3 Rac8 16. Bc4 Nc5 17. Ncd5 Bxd5 18. Nxd5 Qb7 19. Qe2 a5 20. Bxc5 Rxc5 21. Rad1 Kf8 22. c3 Qc6 23. Bb5 Qb7 24. Bc4 Qc6 25. Bb5 Qb7 26. Bc4 Qc6 1/2-1/2

[Event "Bratto op 29th"]
[Site "Bratto"]
[Date "2009.08.28"]
[Round "8"]
[White "Borisek, Jure"]
[Black "Pomaro, Alberto"]
[Result "0-1"]
[WhiteElo "2575"]
[BlackElo "2284"]
[PlyCount "59"]
[EventDate "2009.08.21"]
[EventType "swiss"]
[EventRounds "9"]
[EventCountry "ITA"]
[SourceTitle "CBM 132 Extra"]
[Source "ChessBase"]
[SourceDate "2009.11.03"]
[SourceVersion "1"]
[SourceVersionDate "2009.11.03"]
[SourceQuality "1"]

1. e4 c5 2. Nf3 d6 3. d4 cxd4 4. Nxd4 Nf6 5. Nc3 a6 6. Be3 e6 7. g4 e5 8. Nf5 Nc6 9. f3 Be6 10. g5 Nh5 11. Qd2 g6 12. Ng3 Nf4 13. 0-0-0 Qa5 14. a3 Bg7 15. h4 0-0 16. h5 Nd4 17. Nb1 Rfc8 18. Bxd4 Qxd2+ 19. Nxd2 exd4 20. Kb1 Rc5 21. Ne2 d3 22. cxd3 Nxd3 23. hxg6 hxg6 24. b4 Rc7 25. Nd4 Nf2 26. Nxe6 fxe6 27. Bc4 Kf7 28. f4 Nxd1 29. Rxd1 Rh8 30. Rh1 0-1

[Event "Bergamo op 8th"]
[Site "Bergamo"]
[Date "2009.07.17"]
[Round "2"]
[White "Pomaro, Alberto"]
[Black "Salvador, Roland"]
[Result "1-0"]
[WhiteElo "2284"]
[BlackElo "2447"]
[PlyCount "137"]
[EventDate "2009.07.17"]
[EventType "swiss"]
[EventRounds "6"]
[EventCountry "ITA"]
[SourceTitle "EXT 2012"]
[Source "ChessBase"]
[SourceDate "2011.11.24"]
[SourceVersion "1"]
[SourceVersionDate "2011.11.24"]
[SourceQuality "1"]

1. e4 c5 2. Nf3 Nc6 3. d4 cxd4 4. Nxd4 e5 5. Nb5 d6 6. N1c3 a6 7. Na3 b5 8. Nd5 Nge7 9. c4 Nxd5 10. exd5 Nd4 11. cxb5 Bd7 12. bxa6 Qa5+ 13. Bd2 Qxd5 14. Nc4 Be7 15. Ne3 Qe4 16. Bc4 0-0 17. 0-0 Be6 18. f3 Qc6 19. Bxe6 fxe6 20. Bc3 Nb5 21. Qb3 Nxc3 22. Qxc3 Qxc3 23. bxc3 Rfc8 24. Rfc1 Bg5 25. Kf2 Rxa6 26. Rc2 Ra3 27. Nd1 Rca8 28. Ke2 d5 29. Nf2 Rc8 30. c4 Rxc4 31. Rxc4 dxc4 32. Ne4 Be7 33. Kf1 c3 34. Rc1 Bb4 35. Rc2 Kf7 36. Ke2 Kg6 37. Kd3 h6 38. Kc4 Ba5 39. Kb5 h5 40. Nd6 Bc7 41. Nc4 Ra7 42. a4 e4 43. fxe4 Bxh2 44. Rxc3 Kg5 45. a5 h4 46. a6 Bg1 47. Rc1 Bd4 48. Rd1 e5 49. Na5 Kf4 50. Nc6 Rd7 51. Nxd4 exd4 52. Kc6 Rd8 53. Kc7 Rh8 54. Kb7 Rd8 55. Re1 Ke5 56. a7 Rd7+ 57. Kb6 Rd8 58. Kc7 Rf8 59. Rf1 Rh8 60. Rf7 d3 61. Re7+ Kf4 62. Rd7 Kxe4 63. Rd8 Rxd8 64. Kxd8 d2 65. a8Q+ Kd3 66. Qf3+ Kc2 67. Qe2 g5 68. Ke7 g4 69. Qc4+ 1-0

[Event "Pula op 23rd"]
[Site "Pula"]
[Date "2009.07.02"]
[Round "7"]
[White "Pomaro, Alberto"]
[Black "Tomazini, Zan"]
[Result "1-0"]
[WhiteElo "2278"]
[BlackElo "2123"]
[PlyCount "77"]
[EventDate "2009.06.27"]
[EventType "swiss"]
[EventRounds "9"]
[EventCountry "CRO"]
[SourceTitle "CBM 131 Extra"]
[Source "ChessBase"]
[SourceDate "2009.09.03"]
[SourceVersion "2"]
[SourceVersionDate "2009.09.16"]
[SourceQuality "1"]

1. e4 e5 2. Nf3 Nc6 3. Bb5 f5 4. d3 fxe4 5. dxe4 Nf6 6. 0-0 Bc5 7. Qd3 Qe7 8. Nc3 Nd4 9. Nxd4 Bxd4 10. Ne2 Bb6 11. Ng3 g6 12. Bc4 d6 13. a4 a6 14. Qb3 h5 15. a5 Ba7 16. h4 Nh7 17. Bg8 Nf6 18. Bc4 Nh7 19. Bh6 c6 20. Rfd1 Bg4 21. Rxd6 Bxf2+ 22. Kxf2 Qxd6 23. Qxb7 Rb8 24. Qf7+ Kd8 25. Ra3 Qc5+ 26. Ke1 Rxb2 27. Rd3+ Kc8 28. Bxa6+ Kb8 29. Rb3+ Rxb3 30. Qxb3+ Kc7 31. Qb7+ Kd6 32. Bd2 Ke6 33. Bb4 Qe3+ 34. Ne2 Qxe4 35. Qe7+ Kf5 36. Bd3 Qxd3 37. cxd3 Bxe2 38. Qd7+ Kf4 39. Bd2+ 1-0

[Event "Verona op 15th"]
[Site "Verona"]
[Date "2009.04.13"]
[Round "9"]
[White "Pomaro, Alberto"]
[Black "Brunello, Sabino"]
[Result "0-1"]
[WhiteElo "2278"]
[BlackElo "2477"]
[PlyCount "52"]
[EventDate "2009.04.07"]
[EventType "swiss"]
[EventRounds "9"]
[EventCountry "ITA"]
[SourceTitle "CBM 129 Extra"]
[Source "ChessBase"]
[SourceDate "2009.05.05"]
[SourceVersion "2"]
[SourceVersionDate "2009.05.20"]
[SourceQuality "1"]

1. e4 c5 2. Nf3 e6 3. Nc3 Nc6 4. d4 cxd4 5. Nxd4 Qc7 6. Be3 a6 7. Bd3 Nf6 8. 0-0 h5 9. h3 Nxd4 10. Bxd4 Bc5 11. Bxc5 Qxc5 12. Na4 Qc7 13. c4 d6 14. Rc1 Bd7 15. Qb3 Rd8 16. Nb6 g5 17. Rfe1 g4 18. Nd5 exd5 19. exd5+ Kf8 20. Qc3 Rh6 21. c5 dxc5 22. Qd2 Ng8 23. Qg5 Rc8 24. Re7 Qd6 25. Re2 gxh3 26. Re3 Qf6 0-1

[Event "Grosseto 1st"]
[Site "Grosseto"]
[Date "2009.02.04"]
[Round "6"]
[White "Pieraccini, Riccardo"]
[Black "Pomaro, Alberto"]
[Result "0-1"]
[WhiteElo "2116"]
[BlackElo "2254"]
[PlyCount "66"]
[EventDate "2009.02.01"]
[EventType "tourn"]
[EventRounds "9"]
[EventCountry "ITA"]
[SourceTitle "CBM 128 Extra"]
[Source "ChessBase"]
[SourceDate "2009.03.05"]
[SourceVersion "2"]
[SourceVersionDate "2009.03.25"]
[SourceQuality "1"]

1. e4 c5 2. Nf3 d6 3. d4 cxd4 4. Nxd4 Nf6 5. Bd3 e6 6. 0-0 Be7 7. Be3 Nc6 8. Nc3 0-0 9. Nxc6 bxc6 10. a3 Qc7 11. Qe2 e5 12. Rfd1 d5 13. Bd2 Bg4 14. f3 Be6 15. b4 a5 16. exd5 cxd5 17. Kh1 Nd7 18. Nb5 Qc6 19. bxa5 Nc5 20. Rab1 Rfb8 21. Nc3 Nxd3 22. cxd3 Bd6 23. d4 Rxb1 24. Rxb1 exd4 25. Qb5 Qc4 26. Na4 Qc2 27. Nb6 Ra7 28. Qb2 d3 29. Qxc2 dxc2 30. Rc1 Rc7 31. a6 Ra7 32. Rxc2 Rxa6 33. Nc8 Bxa3 0-1

[Event "Grosseto 1st"]
[Site "Grosseto"]
[Date "2009.02.03"]
[Round "4"]
[White "Pomaro, Alberto"]
[Black "Humeau, Cyril"]
[Result "1/2-1/2"]
[WhiteElo "2254"]
[BlackElo "2203"]
[PlyCount "133"]
[EventDate "2009.02.01"]
[EventType "tourn"]
[EventRounds "9"]
[EventCountry "ITA"]
[SourceTitle "CBM 128 Extra"]
[Source "ChessBase"]
[SourceDate "2009.03.05"]
[SourceVersion "2"]
[SourceVersionDate "2009.03.25"]
[SourceQuality "1"]

1. d4 d5 2. c4 e5 3. dxe5 d4 4. Nf3 Nc6 5. a3 Nge7 6. b4 Ng6 7. Bb2 a5 8. b5 Ncxe5 9. Nxe5 Nxe5 10. Bxd4 Nxc4 11. e3 Be6 12. Qc2 Nd6 13. Bd3 Qg5 14. 0-0 Nxb5 15. Bxb5+ Qxb5 16. Qxc7 Rc8 17. Qf4 Qf5 18. Qxf5 Bxf5 19. Nc3 Rc4 20. f3 f6 21. Rfd1 Kf7 22. e4 Be6 23. Rab1 Rc7 24. Nb5 Rd7 25. Bb6 a4 26. Rdc1 Be7 27. Rc3 Re8 28. Nd4 Bd6 29. Nxe6 Kxe6 30. g3 Ree7 31. f4 g5 32. f5+ Kf7 33. Rc4 Bxa3 34. Rxa4 Bd6 35. Kf2 Be5 36. Ke3 Re8 37. Bd4 Bxd4+ 38. Rxd4 Rc7 39. Rb6 Ra8 40. Rdd6 Ra3+ 41. Kd2 Ra2+ 42. Ke3 Ra3+ 43. Ke2 Rc2+ 44. Rd2 Rc7 45. Kf2 h5 46. Kg2 Ra6 47. Rb4 Ra5 48. Rdb2 b5 49. Rxb5 Rxb5 50. Rxb5 Rc2+ 51. Kg1 Rc1+ 52. Kg2 Rc2+ 53. Kf3 Rxh2 54. Rb7+ Kf8 55. e5 fxe5 56. f6 h4 57. Kg4 hxg3 58. Kf5 Rf2+ 59. Ke6 Kg8 60. Rg7+ Kf8 61. Rxg5 g2 62. f7 Rxf7 63. Rxg2 e4 64. Re2 Re7+ 65. Kf5 Kf7 66. Rxe4 Rxe4 67. Kxe4 1/2-1/2

[Event "Grosseto 1st"]
[Site "Grosseto"]
[Date "2009.02.02"]
[Round "2"]
[White "Pomaro, Alberto"]
[Black "Stepanov, Mikhail"]
[Result "1/2-1/2"]
[WhiteElo "2254"]
[BlackElo "2214"]
[PlyCount "121"]
[EventDate "2009.02.01"]
[EventType "tourn"]
[EventRounds "9"]
[EventCountry "ITA"]
[SourceTitle "CBM 128 Extra"]
[Source "ChessBase"]
[SourceDate "2009.03.05"]
[SourceVersion "2"]
[SourceVersionDate "2009.03.25"]
[SourceQuality "1"]

1. e4 c5 2. d4 cxd4 3. c3 dxc3 4. Nxc3 Nc6 5. Nf3 e6 6. Bc4 Qc7 7. 0-0 Nf6 8. Nb5 Qb8 9. e5 a6 10. exf6 axb5 11. fxg7 Bxg7 12. Bxb5 0-0 13. a4 d5 14. Be3 Qc7 15. Qd2 Qa5 16. Qc1 Bd7 17. Bh6 f6 18. Bxg7 Kxg7 19. Ra3 Kh8 20. Qc5 Rac8 21. Rc3 Rg8 22. g3 Ne5 23. Qe7 Qd8 24. Qxd8 Rgxd8 25. Nxe5 fxe5 26. Rxc8 Bxc8 27. Rc1 e4 28. Rc7 d4 29. Kf1 e5 30. Ke1 Bg4 31. Rxb7 d3 32. Kd2 Rc8 33. Ke3 Rc2 34. Bxd3 exd3 35. Kxd3 Rxf2 36. a5 Rxh2 37. b4 Rg2 38. b5 Rxg3+ 39. Kc4 Be2+ 40. Kc5 Rc3+ 41. Kb6 Rb3 42. Kc5 Rc3+ 43. Kd6 Ra3 44. a6 e4 45. a7 Bxb5 46. Rb8+ Kg7 47. a8Q Rxa8 48. Rxa8 e3 49. Ra1 e2 50. Ke5 Kg6 51. Kf4 h5 52. Kf3 h4 53. Re1 Kf5 54. Rxe2 Bxe2+ 55. Kxe2 Kg4 56. Kf2 Kh3 57. Kf3 Kh2 58. Kf2 h3 59. Kf1 Kh1 60. Kf2 h2 61. Kf1 1/2-1/2

[Event "Reggio Emilia-B 51st"]
[Site "Reggio Emilia"]
[Date "2008.12.31"]
[Round "5"]
[White "Pomaro, Alberto"]
[Black "Cocchi, Andrea"]
[Result "1/2-1/2"]
[WhiteElo "2254"]
[BlackElo "2305"]
[PlyCount "45"]
[EventDate "2008.12.27"]
[EventType "tourn"]
[EventRounds "9"]
[EventCountry "ITA"]
[EventCategory "5"]
[SourceTitle "CBM 128 Extra"]
[Source "ChessBase"]
[SourceDate "2009.03.05"]
[SourceVersion "2"]
[SourceVersionDate "2009.03.25"]
[SourceQuality "1"]

1. e4 g6 2. d4 Bg7 3. Nc3 d6 4. f4 a6 5. Nf3 b5 6. Bd3 Bb7 7. Be3 Nd7 8. e5 e6 9. 0-0 Ne7 10. a4 b4 11. Ne2 a5 12. Ng3 0-0 13. c4 bxc3 14. bxc3 Ba6 15. c4 Nb6 16. Qc2 Nc6 17. Be2 Nb4 18. Qb3 d5 19. c5 Bc4 20. Qc3 Bxe2 21. Nxe2 Nc4 22. Rfc1 Qd7 23. Bf2 1/2-1/2

[Event "Reggio Emilia-B 51st"]
[Site "Reggio Emilia"]
[Date "2008.12.29"]
[Round "3"]
[White "Pomaro, Alberto"]
[Black "Thorfinnsson, Bjorn"]
[Result "0-1"]
[WhiteElo "2254"]
[BlackElo "2399"]
[PlyCount "62"]
[EventDate "2008.12.27"]
[EventType "tourn"]
[EventRounds "9"]
[EventCountry "ITA"]
[EventCategory "5"]
[SourceTitle "CBM 128 Extra"]
[Source "ChessBase"]
[SourceDate "2009.03.05"]
[SourceVersion "2"]
[SourceVersionDate "2009.03.25"]
[SourceQuality "1"]

1. e4 e5 2. Nf3 Nc6 3. Bb5 a6 4. Ba4 Nf6 5. 0-0 Be7 6. Re1 b5 7. Bb3 d6 8. c3 0-0 9. h3 Na5 10. Bc2 d5 11. d4 Nxe4 12. dxe5 Bb7 13. Nbd2 Re8 14. Nxe4 dxe4 15. Qxd8 Raxd8 16. Bxe4 Bxe4 17. Rxe4 Rd1+ 18. Re1 Rxe1+ 19. Nxe1 Nc4 20. f4 Bh4 21. Nc2 f6 22. exf6 Re2 23. Nd4 Re1+ 24. Kh2 Bxf6 25. b3 Bxd4 26. cxd4 Ne3 27. Bb2 Re2 28. Bc1 Nxg2 29. Kg3 Ne1 30. Rb1 Rg2+ 31. Kh4 g6 0-1

[Event "Imperia op-A 50th"]
[Site "Imperia"]
[Date "2008.09.05"]
[Round "7"]
[White "Van der Plas, Rob"]
[Black "Pomaro, Alberto"]
[Result "0-1"]
[WhiteElo "2163"]
[BlackElo "2246"]
[PlyCount "104"]
[EventDate "2008.08.31"]
[EventType "swiss"]
[EventRounds "9"]
[EventCountry "ITA"]
[SourceTitle "MCD"]
[Source "ChessBase"]
[SourceDate "1999.07.01"]
[SourceVersion "1"]
[SourceVersionDate "1999.07.01"]
[SourceQuality "1"]

1. d4 Nf6 2. c4 g6 3. Nc3 Bg7 4. e4 d6 5. f4 0-0 6. Nf3 c5 7. d5 e6 8. Be2 exd5 9. cxd5 Re8 10. e5 dxe5 11. fxe5 Ng4 12. Bg5 Qb6 13. 0-0 Nxe5 14. d6 Nxf3+ 15. Bxf3 Bd4+ 16. Kh1 Qxd6 17. Bd5 Re6 18. Qf3 Qf8 19. Nb5 Nc6 20. Nc7 Ne5 21. Qf4 Qd6 22. Bxe6 Qxc7 23. Bb3 Bf5 24. Rad1 Qd7 25. Rfe1 Ng4 26. Re7 Qxe7 27. Bxe7 Nf2+ 28. Qxf2 Bxf2 29. Bf6 Re8 30. Bc3 Bd4 31. Bxd4 cxd4 32. g4 Bxg4 33. Rxd4 Re1+ 34. Kg2 Be6 35. Bxe6 Rxe6 36. Kf3 Re7 37. b4 Kg7 38. b5 f6 39. a4 Kf7 40. Rd8 Ke6 41. a5 Kf5 42. Rb8 g5 43. a6 bxa6 44. bxa6 g4+ 45. Kf2 Re6 46. Rb5+ Kf4 47. Rb4+ Kg5 48. Kg3 Re3+ 49. Kg2 Ra3 50. Rb7 Rxa6 51. Rxh7 Kf4 52. h4 Ra2+ 0-1

[Event "Imperia op-A 50th"]
[Site "Imperia"]
[Date "2008.09.03"]
[Round "5"]
[White "Chatalbashev, Boris"]
[Black "Pomaro, Alberto"]
[Result "1-0"]
[WhiteElo "2596"]
[BlackElo "2246"]
[PlyCount "63"]
[EventDate "2008.08.31"]
[EventType "swiss"]
[EventRounds "9"]
[EventCountry "ITA"]
[SourceTitle "MCD"]
[Source "ChessBase"]
[SourceDate "1999.07.01"]
[SourceVersion "1"]
[SourceVersionDate "1999.07.01"]
[SourceQuality "1"]

1. d4 Nf6 2. c4 g6 3. Nc3 Bg7 4. e4 d6 5. Bd3 0-0 6. Nge2 Nc6 7. 0-0 e5 8. d5 Nd4 9. Bg5 h6 10. Bh4 c5 11. dxc6 bxc6 12. b4 Be6 13. Nxd4 exd4 14. Na4 g5 15. Bg3 d5 16. exd5 cxd5 17. Nc5 Bg4 18. Qc2 dxc4 19. Qxc4 Nh5 20. h3 Nxg3 21. fxg3 Bc8 22. Rae1 Qc7 23. Qd5 Rb8 24. g4 Rb6 25. Qe4 Rg6 26. Bc4 Rb6 27. Rxf7 Rxf7 28. Qe8+ Bf8 29. Bxf7+ Qxf7 30. Qxc8 Rf6 31. Nd7 Rf4 32. Nxf8 1-0